Joueurs de football célèbres par photo - Statistiques

Statistiques générales
  • Ce quiz a été pris 182 fois
  • Le résultat moyen est 12 sur 16
Statistiques - réponses
Par images Réponse % Correct
Lionel Messi
100%
Ousmane Dembélé
99%
Kylian Mbappé
95%
Lamine Yamal
88%
Cristiano Ronaldo
85%
Harry Kane
84%
Neymar Jr
77%
Vinicius Jr
70%
Memphis Depay
65%
Michael Olise
64%
Cole Palmer
61%
Emiliano Martinez
61%
Bukayo Saka
58%
Florian Wirtz
55%
Paulo Dybala
54%
Denzel Dumfries
35%
Aucun quiz correspondant
Distribution des résultats
% des personnes avec chaque résultat
Percentile par nombre de réponses
Votre historique - résultats
Vous n’avez pas pris ce quiz